Cesta šamana. Kniha 7., Válka klanů /
Fantasy román je velkolepým finále celé série, během něhož stane Daniel ve válce nejmocnějších herních klanů.
Uloženo v:
| Série: | Cesta šamana,
část 7 |
|---|---|
| Hlavní autor: | |
| Další autoři: | |
| Médium: | E-kniha |
| Jazyk: | Czech |
| Vydáno: |
Ostrava :
Fantom Print,
2019
|
| Vydání: | 1. vydání |
| Témata: | |
| Příbuzné jednotky: | Název anglického překladu::
Clans war Z cyklu:: Cesta šamana |
| Tagy: |
Žádné tagy |
| LEADER | 02635nam a2200481 i 4500 | ||
|---|---|---|---|
| 001 | 311081 | ||
| 003 | CZ PrSKC | ||
| 005 | 20260601215659.0 | ||
| 007 | ta | ||
| 008 | 190916s2019 xr g 000 f cze | ||
| 015 | |a cnb003133394 | ||
| 020 | |a 9788075940353 |q (brožováno) | ||
| 035 | |a (OCoLC)1130278549 | ||
| 040 | |a ABG001 |b cze |d BOA001 |e rda | ||
| 041 | 1 | |a cze |k eng |h rus | |
| 072 | 7 | |a 821.161.1 |x Ruská literatura, rusky psaná |2 Konspekt | |
| 080 | |a 821.161.1-31 |2 MRF | ||
| 080 | |a (0:82-312.9) |2 MRF | ||
| 100 | 1 | |a Machanenko, Vasilij Michajlovič, |d 1981- |7 xx0216035 |4 aut | |
| 240 | 1 | 0 | |a Poisk sozdatelja. |l Česky |
| 245 | 1 | 0 | |a Cesta šamana. |n Kniha 7., |p Válka klanů / |c V. Mahaněnko ; překlad Martin Kapalka |
| 246 | 3 | 0 | |a Válka klanů |
| 250 | |a 1. vydání | ||
| 264 | 1 | |a Ostrava : |b Fantom Print, |c 2019 | |
| 300 | |a 350 stran ; |c 21 cm | ||
| 336 | |a text |b txt |2 rdacontent | ||
| 337 | |a bez média |b n |2 rdamedia | ||
| 338 | |a svazek |b nc |2 rdacarrier | ||
| 500 | |a Přeloženo z anglické verze ruského originálu? | ||
| 520 | 2 | |a Fantasy román je velkolepým finále celé série, během něhož stane Daniel ve válce nejmocnějších herních klanů. |b Barliona. Virtuální svět narvaný k prasknutí monstry, bitvami a samozřejmě hráči. Ještě nedávno si Daniel, kterého všichni znají jako šamana Mahana, myslel, že do herního světa Barliony vstoupil pošesté a naposledy. Život se však ubírá nečekanými cestami. Korporace se rozhodla oživit Pána stínů a celou jeho partu - resetovací tlačítko stisknul sám výkonný ředitel. Geranika se vrací na scénu, kontinentální turnaj se blíží a šaman dostal nabídku, jakou nelze odmítnout... i kdyby se kvůli tomu musel postavit všem ostatním barlionským klanům! Nakladatelská anotace. | |
| 655 | 7 | |a ruské romány |7 fd133320 |2 czenas | |
| 655 | 7 | |a fantasy romány |7 fd184199 |2 czenas | |
| 655 | 9 | |a Russian fiction |2 eczenas | |
| 655 | 9 | |a fantasy novels |2 eczenas | |
| 700 | 1 | |a Kapalka, Martin, |d 1988- |7 kv2017964132 |4 trl | |
| 765 | 1 | |t Put‘ šamana - poisk sozdatelja | |
| 765 | 0 | 8 | |i Název anglického překladu: |t Clans war |
| 787 | 0 | 8 | |i Z cyklu: |t Cesta šamana |g 7 |
| 900 | |a ABA001 |b 20 | ||
| 044 | |a xr | ||
| 910 | |a RBIT002 | ||
| 998 | |d 201306 |a https://core.palmknihy.cz/api/books/201306/cover?pwnsct |b https://core.palmknihy.cz/api/books/201306/cover/400?pwnsct |c https://core.palmknihy.cz/api/books/201306/cover/50?pwnsct |e 2026-09-10 |g 352 |i 9788075940353 |j https://core.palmknihy.cz/api/books/201306/preview.epub |l |q 49 |r 1 |s https://www.palmknihy.cz/kniha/201306 |t ebook |y 2019 |z 0 |v Cesta šamana |w 7 | ||
| 999 | |d 311079 | ||